Выписка из протокола заседания президиума ЦИК СССР об объявлении Приволжского Военного округа неблагополучным по бандитизму

Доступно только в Электронных читальных залах Найти на картеНа карте
RUSMARC
00004452nac2a22003013x 450
00121c0ecff-52b8-4f30-a326-e9c49a3130fe
00520220112223408.0
100##$a20211217l19241924k y0rusy50 ca
1010#$arus
$amul
102##$aRU
105##$ay z |||||
1222#$ad19240829
$ad19240919
2001#$aВыписка из протокола заседания президиума ЦИК СССР об объявлении Приволжского Военного округа неблагополучным по бандитизму
$j29 августа - 19 сентября 1924
215##$a11 листов
251##$cДело
300##$aЗаголовок дела на папке отсутствует
300##$aНа папке дела дата не указана
300##$aЧасть текста на языках народов СССР
300##$aЧасть текста машинописная и рукописная, часть - напечатана типографским способом
324##$aВ деле имеются копии отдельных документов
330##$aВходит в раздел описи: 1923 г.. Секретариат президиума
461#0$1001796d4672-8a00-4986-b488-6e42273792cc
$12001
$aЦЕНТРАЛЬНЫЙ ИСПОЛНИТЕЛЬНЫЙ КОМИТЕТ СССР (ЦИК СССР)
$1251
$cФонд
$1852
$j3316
$gР
462#0$10011cce310e-0954-4fdc-88db-4979285f4890
$12001
$aФинансовое Управление ЦИК СССР. 1923-1930 гг.
$vД. 125
$1251
$cОпись
$1852
$j16
$gа
60101$3RU\NLR\AUTH\880357276
$aСССР
$bЦИК
60101$3RU\NLR\AUTH\880398220
$aСССР
$bЦентральный исполнительный комитет
$bПрезидиум
801#0$aRU
$bGA_RF
801#1$aRU
$bГлавНИВЦ
$c20211217
$2rusmarc
801#2$aRU
$bПБ им. Б.Н. Ельцина
$c20220112
$gRCR
$2rusmarc
852##$aГА РФ
$j125
937##$d172468356
$hГАРФ
035##$aRuPRLIB51064189
856##$uhttp://readingroom.main.prlib.ru/item.aspx?id_node=n172468356&mode=full
Формат отображения